The Land Registration Act 2002 (Record no. 73659)
[ view plain ]
| 000 -LEADER | |
|---|---|
| fixed length control field | 01650cam a2200289 4500 |
| 001 - CONTROL NUMBER | |
| control field | X124070 |
| 008 - FIXED-LENGTH DATA ELEMENTS--GENERAL INFORMATION | |
| fixed length control field | 031028n2003 000 0 eng u |
| 035 ## - SYSTEM CONTROL NUMBER | |
| System control number | (Sirsi) u124070 |
| 100 ## - MAIN ENTRY--PERSONAL NAME | |
| Personal name | Silman, G. |
| 245 #4 - TITLE STATEMENT | |
| Title | The Land Registration Act 2002 |
| 260 ## - PUBLICATION, DISTRIBUTION, ETC. | |
| Date of publication, distribution, etc. | 2003 |
| 490 ## - SERIES STATEMENT | |
| Series statement | Journal of Retail and Leisure Property |
| Volume/sequential designation | 3(2) 2003, 190-198(9) |
| 520 ## - SUMMARY, ETC. | |
| Summary, etc. | Examines the groundbreaking provisions of the Land Registration Act 2002, which came into force on 13 October 2003, in respect of the future development of land registration, the expansion of public information about all property interests and the move towards e-conveyancing. The Act represents the first complete overhaul of registered conveyancing law since 1925 and the largest single item of law reform undertaken by the Law Commisssion since its inception in 1965. Focuses on the treatment of lease registration, the introduction of an open register for leases and mortgages, the issues of adverse possession, boundaries, the Crown's new right to register its landholdings, the abolition of land and charge certificates, the transition period for prescribed forms, the appointment of an adjudicator to HM Land Registry, the termination of registered estates and notices and addresses for service. |
| 590 ## - LOCAL NOTE (RLIN) | |
| Local note | ABS |
| 650 ## - SUBJECT ADDED ENTRY--TOPICAL TERM | |
| Topical term or geographic name entry element | LAND REGISTRATION ACT 2002 |
| 650 ## - SUBJECT ADDED ENTRY--TOPICAL TERM | |
| Topical term or geographic name entry element | LEASES |
| 650 ## - SUBJECT ADDED ENTRY--TOPICAL TERM | |
| Topical term or geographic name entry element | MORTGAGES |
| 650 ## - SUBJECT ADDED ENTRY--TOPICAL TERM | |
| Topical term or geographic name entry element | ADVERSE POSSESSION |
| 650 ## - SUBJECT ADDED ENTRY--TOPICAL TERM | |
| Topical term or geographic name entry element | Boundary disputes |
| 9 (RLIN) | 6221 |
| 650 ## - SUBJECT ADDED ENTRY--TOPICAL TERM | |
| Topical term or geographic name entry element | CROWN |
| 650 ## - SUBJECT ADDED ENTRY--TOPICAL TERM | |
| Topical term or geographic name entry element | LAND CERTIFICATES |
| 650 ## - SUBJECT ADDED ENTRY--TOPICAL TERM | |
| Topical term or geographic name entry element | CHARGE CERTIFICATES |
| 650 ## - SUBJECT ADDED ENTRY--TOPICAL TERM | |
| Topical term or geographic name entry element | NOTICES |
| 650 ## - SUBJECT ADDED ENTRY--TOPICAL TERM | |
| Topical term or geographic name entry element | ADDRESSES |
| 690 ## - LOCAL SUBJECT ADDED ENTRY--TOPICAL TERM (OCLC, RLIN) | |
| Topical term or geographic name as entry element | PROPERTY AND LAND LAW-CONVEYANCING |
| 942 ## - ADDED ENTRY ELEMENTS (KOHA) | |
| Suppress in OPAC | 0 |
| Withdrawn status | Lost status | Source of classification or shelving scheme | Damaged status | Not for loan | Home library | Current library | Shelving location | Date acquired | Total Checkouts | Full call number | Barcode | Date last seen | Copy number | Price effective from | Koha item type |
|---|---|---|---|---|---|---|---|---|---|---|---|---|---|---|---|
| Dewey Decimal Classification | London | London | Journal article | 28/10/2003 | X124070 | 124070-1001 | 06/08/2019 | 1 | 06/08/2019 | Journal article |